Normal view MARC view
  • 192

Entry Topical Term

Number of records used in: 1

001 - CONTROL NUMBER

  • control field: 1786

003 - CONTROL NUMBER IDENTIFIER

  • control field: OSt

005 - DATE AND TIME OF LATEST TRANSACTION

  • control field: 20160613134652.0

008 - FIXED-LENGTH DATA ELEMENTS

  • fixed length control field: 160613|| aca||aabn | a|a d

040 ## - CATALOGING SOURCE

  • Original cataloging agency: OSt
  • Transcribing agency: OSt

150 ## - HEADING--TOPICAL TERM

  • Topical term or geographic name as entry element: 192

670 ## - SOURCE DATA FOUND

  • Source citation: Work cat.: (OSt): Chandhuri, Arindam 1785, Count your chickens be fore they Hatch, 2001